000 00666cam a2200229 i 4500
001 3698507
005 20180123041416.0
008 790522m19889999nyu b 001 0 eng
010 _a 79007460
020 _a0394751221 (v. 2)
040 _aDLC
_cDLC
_dDLC
041 1 _aengfre
080 _a306.7 FOU
082 0 0 _a306.7 FOU
_219
100 1 _a50
101 _aSOC
240 1 0 _aHistoire de la sexualité.
_lEnglish
245 1 4 _aThe history of sexuality /
_cby Michel Foucault ; translated from the French by Robert Hurley.
504 _aIncludes bibliographies and indexes.
906 _a7
_bcbc
_corignew
_d1
_eocip
_f19
_gy-gencatlg
942 _2ddc
_cBK
999 _c40731
_d40731